1507 1325 1911 1430 1498 1546 1726 1476 2000 1757 1817 1972 1463 1150 1195 1884 1033 1850 1775 1251 1564 1871 1551 1938 1060 1415 1202 1136 1654 1004 1201 1552 1096 1179 1680 1143 1228 1533 1360 1329 1165 1298 1131 1034 1722 1635 1928 1158 1588 1895 1770 1511 1051 1778 1516 1833 1852 1049 1565 1770 1123 1209 1591 1074 1706 1447 1007 1473 1002 1471 1358 1199 1433 1194 1332 1285 1368 1506 1864 1138 1549 1044 1543 1615 1769 1063 1389 1337 1510 1822 1495 1299 1602 1823 1385 1034 1546 1491 1598 BCNSPRNW ULIB Ver.6.0+V

เปลี่ยนเป็นภาษาไทย

Change to English
 แสดงรายละเอียดบรรณานุกรม
  กลับหน้าหลัก

Brief Record : Get Marc (ISO 2709) : E-mail record : QR code < ปิดหน้าต่าง
LEADER : 00000nam 2200000uu 4500
001    13399127344
003     ULIB
008    200428s2562||||th 000 0 tha d
020    ^a9786162961878
060    ^aWQ100^bธ523ค
100    ^aธารางรัตน์ หาญประเสริฐพงษ์ และณัฐพร จันทร์ดียิ่ง
245    ^aคู่มือการให้คำแนะนำปรึกษาทางสูติศาสตร์ สำหรับแพทย์เวชปฏิบัติทั่วไป Obstetric counselling for general practitioners
250    ^aพิมพ์ครั้งที่ 1
260    ^aนครนายก :^bภาควิชาสูติศาสตร์และนรีเวชวิทยา คณะแพทยศาสตร์ มหาวิทยาลัยศรีนครินทรวิโรฒ,^c2562
300    ^a144 หน้า^bภาพประกอบ, ตาราง, ภาคผนวก
650    ^aสูติศาสตร์
945    ^p200^l0^i28213
945    ^p200^l0^i28214
945    ^p200^l0^i28215
945    ^p200^l0^i28216
945    ^p200^l0^i28217
999    ^aกัณชพร จุลอักษร
รายการนี้ยังไม่มีแท็ก
คุณยังไม่ได้ล็อกอิน คุณสามารถมีกิจกรรมร่วมกับเว็บไซต์ได้ แต่ต้องล็อกอินก่อน ::
  ล็อกอิน

รายการสื่อสารสนเทศ

ลำดับที่ ประเภท เลขเรียก/บาร์โค้ด สถานที่ สถานะ
1. หนังสือสำรอง
หนังสือสำรอง
WQ100 ธ523ค ฉ.1 
  Barcode: 28213
ห้องสมุดวิทยาเขตนครสวรรค์
►หนังสือทั่วไป:l:General Books
บนชั้น
2. วิทยาศาสตร์การแพทย์ และสุขภาพ
วิทยาศาสตร์การแพทย์ และสุขภาพ
WQ100 ธ523ค ฉ.2 
  Barcode: 28214
ห้องสมุดวิทยาเขตนครสวรรค์
►หนังสือทั่วไป:l:General Books
บนชั้น
3. วิทยาศาสตร์การแพทย์ และสุขภาพ
วิทยาศาสตร์การแพทย์ และสุขภาพ
WQ100 ธ523ค ฉ.3 
  Barcode: 28215
ห้องสมุดวิทยาเขตนครสวรรค์
►หนังสือทั่วไป:l:General Books
บนชั้น
4. วิทยาศาสตร์การแพทย์ และสุขภาพ
วิทยาศาสตร์การแพทย์ และสุขภาพ
WQ100 ธ523ค ฉ.4 
  Barcode: 28216
ห้องสมุดวิทยาเขตนครสวรรค์
►หนังสือทั่วไป:l:General Books
บนชั้น
5. วิทยาศาสตร์การแพทย์ และสุขภาพ
วิทยาศาสตร์การแพทย์ และสุขภาพ
WQ100 ธ523ค ฉ.5 
  Barcode: 28217
ห้องสมุดวิทยาเขตนครสวรรค์
►หนังสือทั่วไป:l:General Books
บนชั้น

รายการใกล้เคียง
    ชื่อเรื่อง [คู่มือการให้คำแนะนำปรึกษาทางสูติศาสตร์ สำหรับแพทย์เวชปฏิบัติทั่วไป Obstetric counselling for general practitioners]

    ผู้แต่ง [ธารางรัตน์ หาญประเสริฐพงษ์ และณัฐพร จันทร์ดียิ่ง]

    หัวเรื่อง [สูติศาสตร์]

BibComment


ยังไม่เคยถูกคอมเมนท์

คอมเมนท์ทรัพยากรรายการนี้
  คอมเมนท์: คู่มือการให้คำแน..


 Copyright 2026. Bcnsprnw @Library